Guess the Taylor Swift Song with No Hints - 16 - Statistics

General Stats
  • This quiz has been taken 68 times
  • The average score is 169 of 275
Answer Stats
Answer % Correct
I
100%
you
100%
You
100%
your
92%
and
90%
And
90%
me
90%
the
90%
The
90%
is
89%
love
89%
this
87%
to
87%
do
85%
it
85%
what
85%
where
84%
who
84%
But
82%
but
82%
my
82%
that
82%
be
79%
at
77%
don't
77%
Don't
77%
in
77%
you're
77%
it's
75%
So
75%
they
75%
They
75%
for
74%
were
74%
are
72%
If
69%
I'll
69%
know
69%
about
66%
About
66%
mine
66%
now
66%
can't
64%
like
64%
'cause
62%
'Cause
62%
not
61%
things
61%
time
61%
ours
59%
you'll
59%
have
57%
look
57%
say
57%
with
57%
With
57%
yours
56%
from
54%
throw
54%
here
52%
little
52%
their
52%
heart
51%
mind
51%
never
51%
out,
51%
out
51%
shine
51%
take
51%
worry
51%
People
49%
people
49%
pretty,
49%
right
49%
up
49%
will
49%
always
48%
rocks
48%
theres
48%
wanna
46%
we'd
46%
life
44%
what's
44%
They'll
43%
those
43%
gonna
41%
makes
41%
high,
39%
nothing
39%
someone
39%
laugh
38%
speak
38%
care
36%
else
36%
rough
36%
water's
36%
buttons
34%
comes
34%
Elevator
34%
silence
34%
stairs
34%
Strangers'
34%
theirs
34%
between
33%
gap
33%
hard
33%
morning
33%
sleeves
33%
stakes
33%
stares
33%
teeth
33%
wrong,
33%
Any
31%
father
31%
give
31%
jump
31%
jury's
31%
past
31%
air
30%
disapproves
30%
Ghosts
30%
hands
30%
lip
30%
Seems
30%
song
30%
tattoos
30%
vacant
30%
judge
28%
riddles
28%
belong,
26%
choice
26%
smiles
26%
speculate
26%
verdict
26%
gloss
25%
ignored
25%
remarks
25%
shadows
25%
Lurking
23%
snide
21%
tough
20%
doubt
18%
faith
18%
fight
18%
hark
2%
No matching quizzes found
Score Distribution
Percent of People with Each Score
Percentile by Number Answered
Your Score History
You have not taken this quiz